Most Valuable Football Clubs - Statistics

General Stats
  • This quiz has been taken 51 times
  • The average score is 16 of 20
Answer Stats
Value ($) Club % Correct
6.6 B Manchester United
98%
6.7 B Real Madrid
98%
5.6 B Barcelona
96%
5.4 B Liverpool
96%
5.3 B Manchester City
93%
3.4 B Arsenal
91%
5.1 B Bayern Munich
91%
1.2 B Inter Miami
91%
1.1 B Internazionale
91%
4.6 B Paris Saint-Germain
91%
3.2 B Chelsea
89%
2.1 B Juventus
89%
3.3 B Tottenham Hotspur
89%
2 B Borussia Dortmund
85%
1.7 B Atlético Madrid
83%
1.5 B Milan
76%
1.1 B Newcastle United
72%
1.1 B West Ham United
48%
1 B Los Angeles Galaxy
46%
1.2 B Los Angeles FC
35%
No matching quizzes found
Score Distribution
Percent of People with Each Score
Percentile by Number Answered
Your Score History
You have not taken this quiz